Представление документа в формате MARC21

Поле Инд. ПП Название Значение
Тип записи a
Библиографический уровень b
001 Контрольный номер c8d8f756cb3441918d04a7b731ca79b4
005 Дата корректировки 20251105083017.0
024 80 a Стандартный номер 10.1134/s1027451023020246
040 a Служба первич. каталог. Scopus
041 0_ a Код языка текста Английский
097 a Костяева О.Г.
100 1_ a Автор Yerdauletov M. S.
100 1_ a Автор Avdeev M. V.
c Титул (звания) ; доктор физико-математических наук; профессор (должность);
i 000091238
g Прочие сведения РИНЦ AuthorID: 31767 (http://elibrary.ru/author_profile.asp?id=31767); Scopus Author ID: 35333746600 (https://www.scopus.com/authid/detail.uri?authorId=35333746600); ORCID ID: https://orcid.org/0000-0003-0721-4653; ResearcherID: B-5421-2017 (http://www.researcherid.com/rid/B-5421-2017)
j Принадлежность неизвестного автора к последователям, ученикам, сторонникам, школе и т. д. государственный университет "Дубна"
k Кафедра фундаментальных проблем физики микромира; Кафедра ядерной физики; Инженерно-физический институт
q Полное имя Авдеев Михаил Васильевич
u Дополнение Авдеев М. В.
100 1_ a Автор Tomchuk A. A.
100 1_ a Автор Napolskiy F. S.
c Титул (звания) старший преподаватель;
g Прочие сведения РИНЦ AuthorID: 592366 (https://elibrary.ru/author_profile.asp?id=592366); Scopus Author ID: 55235066200 (https://www.scopus.com/authid/detail.uri?authorId=55235066200)
j Принадлежность неизвестного автора к последователям, ученикам, сторонникам, школе и т. д. государственный университет "Дубна"
k Кафедра интеллектуального управления техническими системами
q Полное имя Напольский Филипп Сергеевич
u Дополнение Napolskiy F. S.
100 1_ a Автор Djanseitov D. M.
100 1_ a Автор Krivchenko V. A.
c Титул (звания) кандидат физико-математических наук;
i 100093047
j Принадлежность неизвестного автора к последователям, ученикам, сторонникам, школе и т. д. государственный университет "Дубна"
k Кафедра химии, новых технологий и материалов; Факультет естественных и инженерных наук
q Полное имя Кривченко Виктор Александрович
u Дополнение Кривченко В. А.
245 10 a Заглавие Nanoscale Structure of Positive Electrodes for Lithium-Ion Batteries with Graphene-Based Additives According to Small-Angle Neutron Scattering
773 18 t Название источника Journal of Surface Investigation: X-Ray, Synchrotron and Neutron Techniques
d Место и дата издания 2023
b Сведения об издании Pleiades Publishing, Ltd.
c Russia
m Специф. данные входит в Scopus; входит в wos; входит в ядро РИНЦ; журнал из перечня ВАК; ненулевой импакт-фактор;
p J. Surf. Ingestig.-X-Ray Synchro.
n Примечание Поверхность. Рентгеновские, синхротронные и нейтронные исследования
x ISSN 1027-4510
g Прочая информация V. 17. - P. 460–464
w Контрольный № источника 9e0f42271c054bf28013059654418919
901 t Тип документа b
952 c Вид литературы статья в журнале